South Eastern Kenya University

Library Online Public Access Catalogue


Biotechnology (Record no. 542)

MARC details
000 -LEADER
fixed length control field 00529nam a22001577a 4500
020 ## - ISBN
International Standard Book Number 9788123915425
050 ## - LIBRARY OF CONGRESS CALL NUMBER
Classification Number TP248.2
Item Number .038 2008
100 ## - MAIN ENTRY--Author
Personal name Ellyn Daugherty
245 ## - TITLE
Title Biotechnology
Remainder of title Science for the New Millennium
250 ## - EDITIONSTATEMENT
Remainder of edition statement 1st Indian Reprint
260 ## - PUBLICATION, DISTRIBUTION, ETC.(IMPRINT)
Place of publication, distribution, etc New Delhi, India
Name of publisher, distributor, etc Satish Kumar Jain for CBS Publishers and Distributors
Date of publication, distribution, etc 2008
300 ## - PHYSICAL DESCRIPTION
Extent v-xii,420p
500 ## - GENERALNOTE
General note includes index, illustrations, tables
650 ## - SUBJECT--TOPIC
Topical term following geographic name as entry element Biotechnology, Plant biotechnology, Agricultural biotechnology
Form subdivision Book
General subdivision PB
942 ## - ADDED ENTRY ELEMENTS(KOHA)
Koha item type General circulation
Holdings
Source of classification or shelving scheme Not for loan Location (home branch) Sublocation (holding branch) Date accessioned Cost, normal purchase price Full call number Barcode Copy number Cost, replacement price Nonpublic note Koha item type
Library of Congress Classification   Main Campus Library Main Campus Library 06/08/2014 2348.13 TP248.2 .038 2008 2019/024689 C.1 2848.00 BONNIE General circulation
Library of Congress Classification   Main Campus Library Main Campus Library 06/08/2014 2348.13 TP248.2 .038 2008 2019/024688 C.2 2848.00 BONNIE General circulation
Library of Congress Classification   Main Campus Library Main Campus Library 06/08/2014 2348.13 TP248.2 .038 2008 2019/024687 C.3 2848.00 BONNIE General circulation
Kitui, Kenya.
+254736116989
library@seku.ac.ke